| 000 | 01493ngm a22002890a 4500 | ||
|---|---|---|---|
| 001 | PT19517 | ||
| 003 | AR-LpoUNG | ||
| 005 | 20210202000310.0 | ||
| 007 | vd cvaizq | ||
| 008 | 191001suuuu||||ag |||||||||||||||||eng d | ||
| 037 | _c$9,97 | ||
| 040 |
_aAR-LpoUNG _bspa _cAR-LpoUNG _eaacr |
||
| 041 | _aeng | ||
| 044 | _aag | ||
| 082 | 0 | _a940.2 588hom | |
| 100 | 1 | _aHeston, Charlton | |
| 245 | 1 | 3 | _aEl hombre de dos reinos |
| 260 |
_aSan Luis : _bTranseuropa Video Entertainment, _c[1988]. |
||
| 300 | _aVHS (150 min.) : son., col. | ||
| 520 | _aLa primera esposa de Enrique VIII, Catalina de Aragón, es incapaz de darle un heredero al trono, él usa esto como un pretexto para que el Papa le conceda el divorcio y así poder casarse con su conquista más reciente. El Rey es apoyado en esta petición por todos excepto por el sumamente considerado y religioso Thomas Moro. Cuando el Cardenal Wolsey, canciller de Inglaterra, nombra a Moro como su sucesor, se le hace importante a Enrique VIII poder conseguir el apoyo de Moro, pero Moro no se deja influenciar. Enrique VIII exige al clero la renuncia del Papa y ser nombrado Jefe de la Iglesia Anglicana. Oliver Cromwell engaña a Moro, forzándolo a renunciar como Cardenal. A raís de eso, Moro es procesado, declarado culpable de traición y decapitado | ||
| 650 | 4 | _aBIOGRAFIAS | |
| 650 | 4 | _aHISTORIA | |
| 651 | 4 | _aReino Unido de Gran Bretaña e Irlanda del Norte | |
| 653 | _aVIDEOS | ||
| 905 | _a19517 | ||
| 942 | _cVIDEO | ||
| 999 |
_c54556 _d54556 |
||